01258nas a2200337 4500001001300000003000900013005001700022007000300039008003400042040005400076041000900130072000800139100001400147100001400161100001800175100002000193100001800213100002000231245013300251246013300384650001400517650001100531650001600542650001100558650000900569773011100578909004000689942001800729999001900747952015400766BR2012009069BR-BrBNA20231205121609.0ta230509b bl.|||p| |||| 00| 00por d aBR-BrBNAbporcBiblioteca Nacional de Agricultura a(En) aL501 aRossi, S.1 aZwarg, T.1 aSanches, T.C.1 aCesar, M. de O.1 aWerneck, M.R.1 aMatushima, E.R.1 aHematological profile of Chelonia mydas (Testudines, Cheloniidae)according to the severity of fibropapillomatosis or its absence1 aHematological profile of Chelonia mydas (Testudines, Cheloniidae)according to the severity of fibropapillomatosis or its absence aTARTARUGA aSANGUE aHEMATOLOGIA aTURMOR aPELE0 tPesquisa Veterinária Brasileira (Brazil)xISSN 0100-736Xg(Dec 2009), v. 29(12) p. 974-978wBR2012009069 a202311bLúciac55dLúcia Elande 2AGRISn0cANA c224300d224300 002AGRIS4071a41918b41918cPeriódicos Agrícolash(Dec 2009), v. 29(12) p. 974-978l0r2023-11-29t01yCRePortaria Interministerial nº 164/94